| 000 | 00488nam a22001817a 4500 | ||
|---|---|---|---|
| 999 |
_c159394 _d159394 |
||
| 005 | 20181217111857.0 | ||
| 010 | _aENG-124550 | ||
| 020 |
_a9789386473202 _c295.00 |
||
| 035 | _aEN-108082 | ||
| 037 | _bDBAD/PUB | ||
| 082 | _aN | ||
| 100 | _aAnsal, Kusum | ||
| 245 |
_aThe Bench/ _cby Kusum Ansal |
||
| 260 |
_aNew Delhi _bVitasta Publishing Pvt Ltd _c2018 |
||
| 270 |
_a2/15, Ansari Road,Daryaganj, _bNew Delhi _e110002 |
||
| 300 |
_a222p. _c20cm.(Pbk) |
||
| 942 |
_2ddc _cEN _mANS _hN |
||